|
|
|
|
| LEADER |
00957nam a2200241 a 4500 |
| 001 |
2351973 |
| 008 |
121030s1984 nyua b 001 0 eng d |
| 010 |
|
|
|a 83042911
|
| 020 |
|
|
|a 0847804968
|
| 020 |
|
|
|a 0847804976 (pbk.)
|
| 040 |
|
|
|a DLC
|c DLC
|d DLC
|d OCoLC
|d DLC
|d BD-DhAAL
|
| 082 |
0 |
0 |
|a 720/.92/4
|2 19
|
| 100 |
1 |
|
|a Meier, Richard,
|d 1934-
|
| 245 |
1 |
0 |
|a Richard Meier, architect, 1964/1984 /
|c introduction by Joseph Rykwert.
|
| 260 |
|
|
|a New York :
|b Rizzoli,
|c c1984.
|
| 300 |
|
|
|a 411 p. :
|b ill. (some col.) ;
|c 27 cm.
|
| 504 |
|
|
|a Includes Bibliography: (p. 407-411.)
|
| 541 |
1 |
|
|e 00026187
|
| 600 |
1 |
0 |
|a Meier, Richard,
|d 1934-
|
| 650 |
|
0 |
|a Architecture
|z United States
|x History
|y 20th century.
|
| 852 |
1 |
|
|a Ayesha Abed Librar
|j General shelf
|
| 999 |
|
|
|c 12929
|d 12929
|
| 952 |
|
|
|0 0
|1 0
|4 0
|6 720_924000000000000_MEI
|7 0
|9 21357
|a BRACUL
|b BRACUL
|c GEN
|d 2012-10-30
|e Riza Enterprize
|g 12325.00
|l 15
|m 143
|o 720.924 MEI
|p 3010026187
|r 2025-03-19
|s 2025-03-11
|t 1
|w 2012-10-30
|y BK
|